000 01027nam a2200241Ia 4500
003 Ost
005 20260507075743.0
008 260507s9999||||xx |||||||||||||| ||und||
020 _a7803844092
040 _cfsecg
041 _aara
082 _a330
100 _aكينان، كيت
_eمؤلف
245 0 _aترشيد وتحفيز الموظفين /
_c كيت كينان
260 _aبيروت:
_bالدار العربية للعلوم,
_c1995
300 _a61 صفحة؛
_bإيضاحات ؛
_c22 سم
490 _aسلسلة الدليل الإداري
520 _aالتحفيز- نظريات التحفيز- الحاجة الى وجود عامل التحفيز- تفهم الحاجات الاساسية- التخطيط للعمل- الحث على الإنجاز- الإبقاء على عامل التحفيز- موقفك من عامل التحفيز والتنشيط- نظريات التحفيز.
653 _aالإدارة
653 _aالتحفيز
653 _aالترشيد
942 _cكتاب
999 _c46165
_d46165